|
|
|
|
| LEADER |
00627nab a2200193 i 4500 |
| 001 |
publ16771 |
| 005 |
20201109091530.0 |
| 008 |
190916s2011 hu o 0|| zxx d |
| 022 |
|
|
|a 1219-7106
|
| 024 |
7 |
|
|a 3152675
|2 mtmt
|
| 040 |
|
|
|a SZTE Publicatio Repozitórium
|b hun
|
| 041 |
|
|
|a zxx
|
| 100 |
1 |
|
|a Arany Zoltán
|
| 245 |
1 |
0 |
|a Partiszervíz "Déli" módra
|h [elektronikus dokumentum] /
|c Arany Zoltán
|
| 260 |
|
|
|c 2011
|
| 300 |
|
|
|a 15-17
|
| 490 |
0 |
|
|a HÁLÓ: A SZOCIÁLIS MUNKA SZAKMAI KÖZÉLETI LAPJA
|v 17 No. 9
|
| 700 |
0 |
1 |
|a Vetró Orsolya
|e aut
|
| 856 |
4 |
0 |
|u http://publicatio.bibl.u-szeged.hu/16771/1/3152675.pdf
|z Dokumentum-elérés
|